00695nam a2200205 450000100060000000300080000600500170001400800410003103500190007204000350009104100080012608200220013410000450015624500790020125000110028026000450029130000610033650000660039765000260046328083BD-RjUL20211209051233.0140329s1969 enkabef b 001 0 eng d a(BD-RjUL)28164 aBD-RjULbengcBD-RjULdBD-RjUL aeng a954.16bHUA 19691 aHutton, J. H.q(John Henry),d1885-1968.14aThe Angami Nagas :bwith some notes on neighbouring tribes /cJ. H. Hutton a2nd ed aOxford University Press :bLondon,c1969 axvii, 499 p., 41 plates (4 fold.) :bill., maps ;c23 cm a"Published by direction of the Government of Nagaland" - t.p. 0aAngami (Indic people)